Theory and problems of programming with PASCAL / (Record no. 12011)

000 -LEADER
fixed length control field 00540nam a2200193 4500
008 - FIXED-LENGTH DATA ELEMENTS--GENERAL INFORMATION
fixed length control field 210116b ||||| |||| 00| 0 eng d
020 ## - INTERNATIONAL STANDARD BOOK NUMBER
Terms of availability Rs.120.00
041 0# - LANGUAGE CODE
Language code of text/sound track or separate title eng
082 00 - DEWEY DECIMAL CLASSIFICATION NUMBER
Classification number 005.113
Item number G685
100 ## - MAIN ENTRY--PERSONAL NAME
9 (RLIN) 2867
Personal name Gottfried, Byron S.
245 10 - TITLE STATEMENT
Title Theory and problems of programming with PASCAL /
250 ## - EDITION STATEMENT
Edition statement 2nd ed.
260 ## - PUBLICATION, DISTRIBUTION, ETC. (IMPRINT)
Place of publication, distribution, etc New Delhi :
Name of publisher, distributor, etc Tata-McGrawhill,
Date of publication, distribution, etc 1994.
300 ## - PHYSICAL DESCRIPTION
Extent viii, 428 p.
365 ## - TRADE PRICE
Price amount INR 120.00
490 0# - SERIES STATEMENT
Series statement (Schaum's outline series)
650 #0 - SUBJECT ADDED ENTRY--TOPICAL TERM
Topical term or geographic name as entry element Pascal
942 ## - ADDED ENTRY ELEMENTS (KOHA)
Source of classification or shelving scheme
Item type Books
Holdings
Withdrawn status Lost status Source of classification or shelving scheme Damaged status Not for loan Permanent location Current location Date acquired Full call number Barcode Date last seen Koha item type
          IMU Kolkata IMU Kolkata 2021-01-16 005.113 G685 08516 2021-01-16 Books
Designed and Maintained by IMU-KC Library, Kolkata Campus © Copyright All Rights Reserved

webs counters

Powered by Koha